000 00432nam a22001697a 4500
003 MPLRDC
005 20220104175240.0
008 210129b ||||| |||| 00| 0 eng d
082 _a524.9661 KEE v.4 1979
100 _aLUM HOW KEE
245 _aBIOLOGI MODEN DEWAN UNTUK TINGKATAN EMPAT
_c
250 _a第二版
260 _a
_bDEWAN BAHASA DAN PUS
_c1979
300 _b
650 _a
942 _cBK
_o524.9661 KEE v.4 1979
999 _c60282
_d60272